000 00331 a2200133 4500
000 nam a22 7a 4500
100 _aPathak
110 _aPathak
245 _a History of North East India (1228-1947.A.D.)
250 _aLatest edition
260 _bSSDN Publishers
_c2024
264 _bSSDN Publishers
_c2024
942 _cBK
999 _c394757
_d394757